<?xml version="1.0" encoding="UTF-8"?><?xml-stylesheet type="text/xsl" href="static/style.xsl"?><OAI-PMH xmlns="http://www.openarchives.org/OAI/2.0/" xmlns:xsi="http://www.w3.org/2001/XMLSchema-instance" xsi:schemaLocation="http://www.openarchives.org/OAI/2.0/ http://www.openarchives.org/OAI/2.0/OAI-PMH.xsd"><responseDate>2026-04-14T08:58:09Z</responseDate><request verb="GetRecord" identifier="oai:www.recercat.cat:20.500.12327/5056" metadataPrefix="marc">https://recercat.cat/oai/request</request><GetRecord><record><header><identifier>oai:recercat.cat:20.500.12327/5056</identifier><datestamp>2026-02-24T00:36:15Z</datestamp><setSpec>com_2072_4428</setSpec><setSpec>com_2072_4427</setSpec><setSpec>col_2072_487898</setSpec></header><metadata><record xmlns="http://www.loc.gov/MARC21/slim" xmlns:dcterms="http://purl.org/dc/terms/" xmlns:xsi="http://www.w3.org/2001/XMLSchema-instance" xmlns:doc="http://www.lyncode.com/xoai" xsi:schemaLocation="http://www.loc.gov/MARC21/slim http://www.loc.gov/standards/marcxml/schema/MARC21slim.xsd">
   <leader>00925njm 22002777a 4500</leader>
   <datafield ind2=" " ind1=" " tag="042">
      <subfield code="a">dc</subfield>
   </datafield>
   <datafield ind2=" " ind1=" " tag="720">
      <subfield code="a">Prieto, Virginia</subfield>
      <subfield code="e">author</subfield>
   </datafield>
   <datafield ind2=" " ind1=" " tag="720">
      <subfield code="a">Aguiló, Ingrid</subfield>
      <subfield code="e">author</subfield>
   </datafield>
   <datafield ind2=" " ind1=" " tag="720">
      <subfield code="a">Mestres, Montserrat</subfield>
      <subfield code="e">author</subfield>
   </datafield>
   <datafield ind2=" " ind1=" " tag="720">
      <subfield code="a">Schorn-García, Daniel</subfield>
      <subfield code="e">author</subfield>
   </datafield>
   <datafield ind2=" " ind1=" " tag="720">
      <subfield code="a">Ezenarro, Jokin</subfield>
      <subfield code="e">author</subfield>
   </datafield>
   <datafield ind2=" " ind1=" " tag="720">
      <subfield code="a">Rico, Daniel</subfield>
      <subfield code="e">author</subfield>
   </datafield>
   <datafield ind2=" " ind1=" " tag="720">
      <subfield code="a">Martín-Diana, Ana Belen</subfield>
      <subfield code="e">author</subfield>
   </datafield>
   <datafield ind2=" " ind1=" " tag="720">
      <subfield code="a">Anguera, Marina</subfield>
      <subfield code="e">author</subfield>
   </datafield>
   <datafield ind2=" " ind1=" " tag="720">
      <subfield code="a">Abadias, Maribel</subfield>
      <subfield code="e">author</subfield>
   </datafield>
   <datafield ind2=" " ind1=" " tag="260">
      <subfield code="c">2025-05-24</subfield>
   </datafield>
   <datafield ind2=" " ind1=" " tag="520">
      <subfield code="a">Both the application of probiotics and fermentation offer great potential in developing functional foods and, therefore, interesting health benefits. This study aimed to develop a synbiotic peach and grape juice (PGJ) containing probiotics (Lacticaseibacillus casei) and prebiotic (inulin), evaluating its probiotic viability, nutritional, volatile, and sensory profile before and after fermentation and digestion over 12 days of storage at 5 °C. Thus, PGJ containing inulin (PGJI) was inoculated with L. casei (10⁷ CFU/mL) and stored for 12 days at 5 °C, either as non-fermented (PGJI_PRO) or fermented for 48 h at 37 °C (PGJI_FER). Afterward, probiotic viability, physicochemical and nutritional properties, sensory attributes, and the volatile profile were evaluated over storage time. L. casei remained viable throughout storage (7.6 log CFU/mL) and even proliferated after fermentation (8.4 log CFU/mL) without decreasing after digestion. Nutritional properties were favorably affected after fermentation, providing lactic acid (1 g/L), vitamin B12 (1.05 µg/100 mL), and enhanced antihypertensive activity. Digestion boosted polyphenol content and antioxidant capacity by 64 % and 54 %, respectively. Regarding the volatile profile, fermentation greatly impacted delivering compounds related to lactic-butter attributes (e.g., acetoin, butanoic acid) and fermentation attributes (e.g., 3-pentanone, acetic acid). Nevertheless, storage time further affected the volatile profile, particularly after six days, increasing rancid flavor-related compounds. Sensory evaluation showed high acceptance of the synbiotic juice (90 %), reaching lower rates after fermentation (50 %). This study confirms the stability and health potential of L. casei in a fruit-based synbiotic beverage, highlighting its nutritional, functional, and sensory attributes.</subfield>
   </datafield>
   <datafield ind1="8" ind2=" " tag="024">
      <subfield code="a">2772-5022</subfield>
   </datafield>
   <datafield ind1="8" ind2=" " tag="024">
      <subfield code="a">https://hdl.handle.net/20.500.12327/5056</subfield>
   </datafield>
   <datafield ind1="8" ind2=" " tag="024">
      <subfield code="a">https://doi.org/10.1016/j.afres.2025.101002</subfield>
   </datafield>
   <datafield ind2="0" ind1="0" tag="245">
      <subfield code="a">Effects of Lacticaseibacillus casei fermentation on the physicochemical,  nutritional, volatile, and sensory profile of synbiotic peach and grape juice  during refrigerated storage</subfield>
   </datafield>
</record></metadata></record></GetRecord></OAI-PMH>